Biggest Metro Areas in the USA in 90 Seconds - Statistics

General Stats
  • This quiz has been taken 231 times
  • The average score is 37 of 100
Answers on the Map
Answers color-coded by a green-red scale on the quiz's map according to % correct below.
 
Answer Stats
Population City % Correct
13,291,486 Los Angeles
95%
6,997,384 Houston
93%
6,198,782 Miami
93%
9,498,716 Chicago
92%
7,539,711 Dallas
92%
19,979,477 New York City
91%
3,939,363 Seattle
89%
4,857,962 Phoenix
86%
4,729,484 San Francisco
83%
4,875,390 Boston
81%
2,932,415 Denver
80%
2,478,810 Portland, OR
80%
2,168,316 Austin
79%
5,949,951 Atlanta
77%
6,096,372 Philadelphia
76%
4,326,442 Detroit
71%
2,518,036 San Antonio
69%
2,231,647 Las Vegas
65%
6,249,950 Washington, DC
64%
580,166 Jackson, MS
63%
3,629,190 Minneapolis
63%
2,572,962 Orlando
61%
3,343,364 San Diego
61%
3,142,663 Tampa
60%
2,569,213 Charlotte
59%
2,805,465 St. Louis
58%
1,534,701 Jacksonville
57%
2,143,651 Kansas City
57%
1,576,113 Milwaukee
56%
1,270,399 New Orleans
56%
2,057,009 Cleveland
55%
2,106,541 Columbus
55%
1,222,540 Salt Lake City
55%
1,930,961 Nashville
52%
1,396,445 Oklahoma City
51%
845,553 El Paso
50%
2,048,703 Indianapolis
50%
1,999,107 San Jose
50%
1,362,540 Raleigh
49%
1,350,620 Memphis
46%
2,190,209 Cincinnati
45%
2,324,743 Pittsburgh
45%
730,426 Boise
42%
915,927 Albuquerque
41%
2,345,210 Sacramento
39%
2,802,789 Baltimore
38%
942,198 Omaha
37%
980,080 Honolulu
33%
993,797 Tulsa
31%
1,039,073 Tucson
30%
1,130,152 Buffalo
27%
994,400 Fresno
26%
1,297,301 Louisville
25%
655,409 Des Moines
24%
1,306,172 Richmond
24%
1,151,801 Birmingham
23%
741,104 Little Rock
22%
1,071,082 Rochester
22%
644,888 Wichita
22%
660,422 Madison
21%
4,622,361 Riverside - San Bernardino
19%
883,169 Albany
18%
787,643 Charleston, SC
18%
738,939 Colorado Springs
18%
1,728,733 Virginia Beach
18%
573,493 Spokane
17%
1,206,300 Hartford
16%
1,621,337 Providence
16%
896,764 Bakersfield
15%
832,666 Columbia, SC
15%
883,309 Knoxville
14%
752,660 Stockton
13%
650,502 Syracuse
13%
865,939 McAllen
12%
671,456 Winston-Salem
12%
831,310 Baton Rouge
11%
1,069,405 Grand Rapids
11%
633,768 Provo
11%
631,761 Springfield, MA
11%
602,871 Toledo
11%
806,548 Dayton
10%
767,711 Greensboro
10%
675,067 Ogden
9%
575,412 Durham
8%
574,659 Harrisburg
7%
604,167 Augusta
6%
857,620 New Haven
6%
850,967 Oxnard
6%
754,610 Fort Myers
5%
708,009 Lakeland
5%
704,845 Akron
4%
943,823 Bridgeport
4%
906,626 Greenville
4%
596,849 Melbourne, FL
4%
842,913 Allentown
3%
560,793 Chattanooga
3%
659,605 Daytona Beach
3%
821,573 Sarasota
3%
947,866 Worcester
3%
555,485 Scranton
2%
No matching quizzes found
Score Distribution
Percent of People with Each Score
Percentile by Number Answered
Your Score History
You have not taken this quiz